Gaming Quiz

Random Gaming or Video Games Quiz
Score 0/100 Timer 15:00
0 Plays Today
Nation Player % Correct
RW ArgentinaLionel Messi
100%
ST PortugalCristiano Ronaldo
99%
RW EgyptMohamed Salah
98%
LW BrazilNeymar Jr
97%
LW BelgiumEden Hazard
96%
CAM BelgiumKevin De Bruyne
96%
CB NetherlandsVirgil van Dijk
96%
CM CroatiaLuka Modric
96%
ST FranceKylian Mbappe
95%
GK SloveniaJan Oblak
94%
GK GermanyMarc-Andre ter Stegen
94%
CB SpainSergio Ramos
94%
ST PolandRobert Lewandowski
94%
ST UruguayLuis Suarez
94%
GK GermanyManuel Neuer
94%
ST ArgentinaSergio Aguero
93%
ST EnglandHarry Kane
93%
LW SenegalSadio Mane
93%
GK SpainDavid De Gea
92%
CAM DenmarkChristian Eriksen
92%
GK BrazilAlisson
91%
CB SpainGerard Pique
91%
ST UruguayEdinson Cavani
91%
CM FrancePaul Pogba
90%
CM GermanyToni Kroos
89%
GK FranceHugo Lloris
89%
GK BelgiumThibaut Courtois
89%
CB BrazilThiago Silva
89%
CDM FranceN'Golo Kante
88%
CF FranceAntoine Griezmann
88%
CAM SpainDavid Silva
88%
CB UruguayDiego Godin
88%
CF South KoreaHeung Min Son
88%
RW PortugalBernardo Silva
88%
Nation Player % Correct
CDM SpainSergio Busquets
87%
RW EnglandRaheem Sterling
87%
ST GabonPierre-Emerick Aubameyang
87%
GK BrazilEderson
87%
CB ItalyGiorgio Chiellini
86%
LB SpainJordi Alba
85%
CB SenegalKalidou Koulibaly
84%
CB GermanyMats Hummels
84%
CAM ArgentinaPaulo Dybala
83%
CF FranceKarim Benzema
83%
GK Costa RicaKeylor Navas
82%
ST BelgiumRomelu Lukaku
82%
RB GermanyJoshua Kimmich
80%
CAM GermanyMarco Reus
79%
CB BelgiumJan Vertonghen
79%
LW GermanyLeroy Sane
79%
GK SloveniaSamir Handanovic
78%
CDM BrazilFernandinho
77%
CB FranceRaphael Varane
77%
CB BelgiumToby Alderweireld
76%
CM Bosnia & HerzegovinaMiralem Pjanic
76%
CM CroatiaIvan Rakitic
76%
CB ItalyLeonardo Bonucci
75%
LB AustriaDavid Alaba
75%
ST SwedenZlatan Ibrahimovic
75%
CDM BrazilCasemiro
74%
CAM ColombiaJames Rodriguez
74%
LB BrazilMarcelo
73%
CDM SpainRodri
73%
CF BelgiumDries Mertens
72%
LB ScotlandAndrew Robertson
72%
CF BrazilRoberto Firmino
71%
CAM SpainIsco
71%
CB NetherlandsMatthijs de Ligt
70%
Nation Player % Correct
CAM GermanyThomas Muller
68%
CM SpainThiago
67%
CF ItalyLorenzo Insigne
67%
CB FranceSamuel Umtiti
67%
ST ItalyCiro Immobile
66%
LW BrazilPhilippe Coutinho
65%
RB SpainDaniel Carvajal
65%
CAM MoroccoHakim Ziyech
65%
ST FranceAlexandre Lacazette
64%
CB FranceAymeric Laporte
63%
CM ItalyMarco Verratti
63%
CB BrazilMarquinhos
62%
GK ItalyGianluigi Donnarumma
62%
CB UruguayJose Gimenez
62%
ST ArgentinaMauro Icardi
61%
GK PolandWojciech Szczesny
59%
CDM BelgiumAxel Witsel
59%
LB BrazilAlex Sandro
58%
CB GreeceKostas Manolas
58%
CDM BrazilFabinho
56%
CB GermanyNiklas Sule
56%
CB SlovakiaMilan Skriniar
54%
RM SpainKoke
53%
CM SpainSaul
53%
CDM FranceBlaise Matuidi
52%
RW ArgentinaAngel di Maria
51%
CM SerbiaSergej Milinkovic-Savic
49%
CAM PortugalBruno Fernandes
47%
CM NetherlandsFrenkie de Jong
44%
CM SpainDaniel Parejo
34%
CAM ArgentinaAlejandro Gomez
30%
CM BrazilAllan
30%
Remove Ads.
Support Sporcle.
Get the best of Sporcle when you Go Orange. This ad-free experience offers more features, more stats, and more fun while also helping to support Sporcle. Thank you for becoming a member.

You're not logged in!

Compare scores with friends on all Sporcle quizzes.
OR
Log In

Show Comments

Extras

Top Quizzes Today


Score Distribution

Your Account Isn't Verified!

In order to create a playlist on Sporcle, you need to verify the email address you used during registration. Go to your Sporcle Settings to finish the process.

Report this User

Report this user for behavior that violates our Community Guidelines.

Details: